[Event "FRA-ch Accession"]
[Site "Agen"]
[Date "2017.08.19"]
[Round "1"]
[White "Lanteri, Nicolas"]
[Black "Devallee, Jeremie"]
[Result "1/2-1/2"]
[WhiteElo "2037"]
[BlackElo "2258"]
[PlyCount "83"]
[EventDate "2017.08.19"]
[EventType "swiss"]
[EventRounds "9"]
[EventCountry "FRA"]
[SourceTitle "EXT 2019"]
[Source "ChessBase"]
[SourceDate "2018.10.10"]
[SourceVersion "1"]
[SourceVersionDate "2018.10.10"]
[SourceQuality "1"]

1. d4 Nf6 2. e3 b6 3. Bd3 Bb7 4. Nf3 e6 5. Nbd2 Be7 6. Qe2 0-0 7. 0-0 c5 8. c3 d6 9. a4 a6 10. Rd1 Nbd7 11. b3 Qb8 12. Bb2 d5 13. Rac1 Ne4 14. Ne1 Bd6 15. f4 f5 16. Nef3 Ndf6 17. Ne5 a5 18. Ndf3 Qa7 19. c4 Rac8 20. Qe1 Qa8 21. Bxe4 Nxe4 22. Nd7 Rc7 23. Nxf8 Qxf8 24. dxc5 bxc5 25. Be5 Bxe5 26. Nxe5 Qa8 27. Qh4 Nf6 28. Qf2 Qa6 29. Qf1 Qb6 30. Qd3 h6 31. cxd5 Bxd5 32. Nc4 Qa6 33. Qc3 Ra7 34. Qe5 Qb7 35. Qb2 Ra8 36. Qc3 Bxg2 37. Nxa5 Qf3 38. Nc4 Ne4 39. Qe1 Bh3 40. Rc2 Qg4+ 41. Kh1 Qf3+ 42. Kg1 1/2-1/2

[Event "FRA-ch op-B"]
[Site "Nancy"]
[Date "2013.08.12"]
[Round "1"]
[White "Lanteri, Nicolas"]
[Black "Grego, Pierre"]
[Result "0-1"]
[WhiteElo "1966"]
[BlackElo "1854"]
[PlyCount "160"]
[EventDate "2013.08.11"]
[EventType "swiss"]
[EventRounds "11"]
[EventCountry "FRA"]
[SourceTitle "CBM 156 Extra"]
[Source "ChessBase"]
[SourceDate "2013.10.22"]
[SourceVersion "1"]
[SourceVersionDate "2013.10.22"]
[SourceQuality "1"]

1. b4 e5 2. Bb2 d6 3. e4 Nf6 4. Nc3 g6 5. Bc4 Bg7 6. Nf3 0-0 7. h3 Nc6 8. a3 Nxe4 9. Nxe4 d5 10. b5 Nd4 11. Bxd5 Qxd5 12. Nc3 Qd8 13. 0-0 Bf5 14. d3 Re8 15. Re1 Qd7 16. a4 Rad8 17. Ne4 Bxe4 18. dxe4 Qe7 19. Nxd4 exd4 20. Qd3 Be5 21. Qd1 Qc5 22. Ba3 Qc4 23. Qd3 Qe6 24. Bc5 b6 25. Bb4 Bd6 26. Bd2 Bc5 27. Kh1 Qf6 28. Rf1 Qh4 29. Rae1 Re6 30. f4 Rde8 31. e5 f5 32. Qf3 Qd8 33. Rd1 Qa8 34. Qxa8 Rxa8 35. Bc1 Re7 36. Bb2 Rd7 37. Rf3 a6 38. c3 axb5 39. cxd4 Rxa4 40. Rfd3 Be7 41. Ba1 Rd5 42. Rb3 Kf7 43. Bc3 b4 44. Bb2 c5 45. Rc1 Ke6 46. g4 Ra7 47. g5 Kd7 48. h4 cxd4 49. Rd1 Bc5 50. h5 Ke6 51. hxg6 hxg6 52. Rh3 Rg7 53. Rh8 Rdd7 54. Re8+ Rge7 55. Rg8 Rg7 56. Rc8 Rc7 57. Re8+ Rge7 58. Rh8 Rh7+ 59. Rxh7 Rxh7+ 60. Kg2 Kd5 61. Bc1 b3 62. Bb2 Rh4 63. Kg3 Rh7 64. Re1 Bb4 65. Rd1 Bc5 66. Re1 Kc4 67. Rb1 Kd3 68. Ba1 Ra7 69. e6 Kc2 70. e7 Rxe7 71. Rb2+ Kc3 72. Re2+ Kc4 73. Rd2 Re3+ 74. Kg2 d3 75. Rd1 Re2+ 76. Kf3 b2 77. Bxb2 Rxb2 78. Rc1+ Rc2 79. Ra1 Rf2+ 80. Kg3 d2 0-1

[Event "Condom op 10th"]
[Site "Condom"]
[Date "2010.07.12"]
[Round "3"]
[White "Lanteri, Nicolas"]
[Black "Favarel, Antoine"]
[Result "0-1"]
[WhiteElo "1993"]
[BlackElo "2244"]
[PlyCount "58"]
[EventDate "2010.07.??"]
[EventType "swiss"]
[EventRounds "9"]
[EventCountry "FRA"]
[SourceTitle "EXT 2011"]
[Source "ChessBase"]
[SourceDate "2010.11.26"]
[SourceVersion "1"]
[SourceVersionDate "2010.11.26"]
[SourceQuality "1"]

1. e4 c5 2. Nf3 Nc6 3. d4 cxd4 4. Nxd4 Nf6 5. Nc3 e5 6. Ndb5 d6 7. Bg5 a6 8. Na3 b5 9. Nd5 Be7 10. Bxf6 Bxf6 11. c3 0-0 12. Nc2 Rb8 13. Ncb4 Nxb4 14. Nxb4 Bb7 15. Bd3 a5 16. Nc2 d5 17. Qe2 dxe4 18. Bxb5 Qb6 19. a4 Bg5 20. 0-0 f5 21. Na3 f4 22. Nc4 Qf6 23. Rad1 f3 24. gxf3 Bf4 25. fxe4 Bxh2+ 26. Kh1 Bf4 27. f3 Qh6+ 28. Kg1 Rf6 29. Rf2 Rg6+ 0-1